LEADER 01252nam a2200301 i 4500 001 991000336939707536 005 20020527111603.0 008 010810s1984 it ||| | ita 020 $a883507519X 035 $ab10063225-39ule_inst 035 $aPARLA219840$9ExL 040 $aDip.to Filosofia$bita 082 0 $a372 100 1 $aCattanei, Giovanni$0446860 245 13$aLa scuola dei mass-media :$bstudi e ricerche sulla problematica psicologica, pedagogica e didattica dei mass-media nell'età infantile /$cGiovanni Cattanei ... [et al.] ; a cura di Giovanni Cattanei e Giovanni Siri 260 $aBrescia :$bLa scuola,$cc1984 300 $a431 p. ;$c22 cm 490 0 $aAggiornamento e formazione 650 4$aComunicazioni di massa 650 4$aScuola materna$xInchieste 700 1 $aSiri, Giovanni 907 $a.b10063225$b17-02-17$c27-06-02 912 $a991000336939707536 945 $aLE005 MF 13 F 17$g1$iLE005A-15413$lle005$o-$pE0.00$q-$rl$s- $t0$u0$v0$w0$x0$y.i10071763$z27-06-02 945 $aLE022 MP 67 I 15$g1$i2022000042109$lle022$o-$pE0.00$q-$rl$s- $t0$u0$v0$w0$x0$y.i14012613$z23-02-05 996 $aScuola dei mass-media$9194305 997 $aUNISALENTO 998 $ale005$ale022$b01-01-01$cm$da $e-$fita$git $h3$i1 LEADER 03277nam 22004813 450 001 9911072297803321 005 20250326084546.0 035 $a(CKB)5410000000393813 035 $a(PPN)170989232 035 $a(VLeBooks)9782760537002 035 $a(MiAaPQ)EBC31574754 035 $a(Exl-AI)31574754 035 $a(Au-PeEL)EBL31574754 035 $a(OCoLC)1451802855 035 $a(Perlego)2705146 035 $a(EXLCZ)995410000000393813 100 $a20250326d2013 uy 0 101 0 $afre 135 $aurcnu|||||||| 181 $ctxt$2rdacontent 182 $cc$2rdamedia 183 $acr$2rdacarrier 200 10$aLe développement de Systèmes D'information (le) $eUne Méthode Intégrée à la Transformation des Processus, 4e édition 205 $a1st ed. 210 1$aQuebec :$cPresses de l'Université du Québec,$d2013. 210 4$d©2013. 215 $a1 online resource (540 p.) 311 08$a9782760537002 311 08$a2760537005 327 $aCouverture -- Copyright -- Liste des figures -- Liste des tableaux -- Avant-propos -- Chapitre 1 - Information, chaîne de valeur, processus d?affaires, systèmes d?information et technologies de l?information -- PLAN DU CHAPITRE -- L?INFORMATION, LES SYSTÈMES ET LES TECHNOLOGIES DE L?INFORMATION : LES RÔLES ESSENTIELS -- Un soutien à la structure organisationnelle -- Les composantes de la chaîne de valeur -- Une arme stratégique -- LES SYSTÈMES D?INFORMATION -- La définition d?un système d?information -- ET LES TECHNOLOGIES DE L?INFORMATION ? -- LES SYSTÈMES D?INFORMATION FORMELS ET INFORMELS -- LA TAXONOMIE DES SYSTÈMES D?INFORMATION FORMELS -- Les systèmes de traitement de transactions -- Les systèmes d?information de gestion -- Les systèmes d?aide à la décision -- Les systèmes experts -- LES PROCESSUS, LA CHAÎNE DE VALEUR, L?INFORMATION, LES SYSTÈMES D?INFORMATION ET LES TECHNOLOGIES DE L?INFORMATION : UNE PERSPECTIVE INTÉGRÉE -- L?IMPORTANCE DU BON FONCTIONNEMENT DES SYSTÈMES D?INFORMATION -- QUESTIONS -- Chapitre 2 - Transformation des processus d?affaires et développement de systèmes d?information -- PLAN DU CHAPITRE -- LES POINTS DE DÉPART D?UN PROJET -- Le premier point de départ : le système d?information -- Le deuxième point de départ : le processus d?affaires -- UNE MÉTHODE INTÉGRÉE -- LA MÉTHODE$7Generated by AI. 330 $aUne methode de developpement de systemes integree a la transformation des processus d'affaires: voila ce que propose cet ouvrage realise a l'intention des futurs analystes de systeme. De l'etude preliminaire a la realisation technique, il montre comment les diverses activites d'un projet doivent etre menees en presentant des exemples concrets. 606 $aManagement information systems$7Generated by AI 606 $aSystem design$7Generated by AI 615 0$aManagement information systems 615 0$aSystem design 700 $aRivard$b Suzanne$01088154 801 0$bMiAaPQ 801 1$bMiAaPQ 801 2$bMiAaPQ 906 $aBOOK 912 $a9911072297803321 996 $aLe développement de Systèmes D'information (le)$94559713 997 $aUNINA